000 01595cam a2200385 a 4500
001 14292
003 BD-RjUL
005 20211208235613.0
008 140205s1986 nju b 001 0 eng
020 _a0893564567 (set) :
020 _a0893564575 (volume 1)
035 _a(BD-RjUL)14344
040 _aDLC
_cDLC
_dDLC
_dBD-RjUL
_beng
041 _aeng
082 0 0 _a809.3
_219
_bMAS 1986
245 0 0 _aMasterplots II :
_bAmerican fiction series /
_cedited by Frank N. Magill.
_n1:
_pA-Eig
260 _aEnglewood Cliffs, N.J. :
_bSalem Press,
_cc1986.
300 _a1 v. (Xiii, 466p. ) ;
_c24 cm.
490 _aAmerican fiction series ;
_v1 : A-Eig
500 _aVols. 5-6 published as supplement which updates and extends the original series' coverage--Cf. v. 5, p. xlix.
504 _aIncludes bibliographies and indexes.
520 _aIncludes more than 360 interpretative essays on works of twentieth-century fiction published in the United States and Latin America.
650 0 _aFiction
_y20th century
_xStories, plots, etc.
_944626
650 0 _aFiction
_y20th century
_xHistory and criticism.
_944627
651 0 _aAmerica
_xLiteratures
_xStories, plots, etc.
_944628
651 0 _aAmerica
_xLiteratures
_xHistory and criticism.
_944629
651 1 _aAmerica
_xLiteratures
_xStories, plots, etc.
_944630
651 1 _aAmerica
_xLiteratures
_xHistory and criticism.
_944631
700 1 _aMagill, Frank N.
_q(Frank Northen), ed.
_d1907-1997.
_93305
740 0 _aMasterplots 2.
740 0 _aMasterplots two.
942 _2ddc
_cREF
999 _c14292
_d14292